000 00625nam a2200193Ia 4500
008 140312s9999 xx 000 0 und d
020 _a9781111306120
050 _aBF 637.B4
_b.M535 2012
100 _aMiltenberger, Raymond G.
245 _aBehavior modification :
_bprinciples and procedures /
_cRaymond G. Miltenberger.
250 _a5th ed.
260 _aMassachusetts :
_bWadsworth Cengage Learning,
_cc2012.
300 _a544 p. :
_bill. ;
_c23 cm.
500 _aIncludes bibliographic references and index.
521 _aBSBA
650 _aBehavior modification
_xTextbooks.
942 _kFOR
_cBK
999 _c25859
_d25859